000 01384nam a22002417a 4500
008 231206s2023 xxk|||||o|||| 00| 0 eng d
020 _a9781783215157
041 _aeng
100 _aZehra, Kisa
110 _aRoyal Institution of Chartered Surveyors
245 _aRICS sustainability report 2023
_h[Electronic resource]
260 _aLondon,
_bRoyal Institution of Chartered Surveyors,
_c30 November 2023
300 _a24p.
520 _aNow in its third year, the RICS Sustainability Report provides a global benchmark for issues of climate, carbon and sustainability practice. This year’s edition represents the sentiment of around 4,600 real estate and construction professionals from across more than 30 countries. There is much to be positive about. Nearly half of respondents globally report a rise in occupier and investor demand for climate-adapted real estate. Predominantly the rise is described as modest, but it builds on rising interest also noted in our previous three annual reports.
650 _aSUSTAINABILITY
650 _aBUILT ENVIRONMENT
650 _aENVIRONMENT
651 _aInternational
690 _96271
_aSustainability
710 _aRoyal Institution of Chartered Surveyors
856 _uhttps://www.rics.org/content/dam/ricsglobal/documents/reports/rics-sustainability-report-2023-final.pdf
_zAvailable free on RICS.org
942 _n0
999 _c121725
_d121725